Sports Quiz

Random Sports or NBA Quiz

NBA 2011-12 Statistical Leaders (Top 20) Quiz Stats

 Plays Quiz not verified by Sporcle

Challenge
Share
Tweet
Embed
Score 0/100 Timer 20:00
0 Plays Today
% Correct
Kevin Durant
99.3%
Kobe Bryant
99.3%
LeBron James
99.3%
LeBron James
99.3%
LeBron James
99.3%
Dwight Howard
97.8%
Dwight Howard
97.8%
Russell Westbrook
95.7%
Russell Westbrook
95.7%
Russell Westbrook
95.7%
Kevin Love
94.9%
Kevin Love
94.9%
Carmelo Anthony
94.2%
Chris Paul
93.5%
Rajon Rondo
93.5%
Chris Paul
93.5%
Chris Paul
93.5%
Deron Williams
92.8%
Pau Gasol
92.8%
Marc Gasol
92.8%
Deron Williams
92.8%
Marc Gasol
92.8%
Blake Griffin
91.3%
Blake Griffin
91.3%
Steve Nash
91.3%
Andrew Bynum
89.9%
Andrew Bynum
89.9%
Andrew Bynum
89.9%
Tony Parker
89.1%
Dirk Nowitzki
87.7%
Paul Pierce
87.7%
Josh Smith
87%
Josh Smith
87%
Josh Smith
87%
% Correct
Josh Smith
87%
Joe Johnson
86.2%
Serge Ibaka
86.2%
Tim Duncan
85.5%
Tim Duncan
85.5%
James Johnson
85.5%
Monta Ellis
84.8%
Monta Ellis
84.8%
Monta Ellis
84.8%
Tony Allen
82.6%
LaMarcus Aldridge
81.9%
John Wall
81.2%
John Wall
81.2%
Tyson Chandler
79.7%
Joakim Noah
79.7%
Joakim Noah
79.7%
Tyson Chandler
79.7%
Mike Conley
75.4%
Andre Iguodala
75.4%
Mike Conley
75.4%
Andre Iguodala
75.4%
Roy Hibbert
74.6%
Roy Hibbert
74.6%
David Lee
73.9%
Al Jefferson
73.9%
Rudy Gay
73.9%
Al Jefferson
73.9%
David Lee
73.9%
Rudy Gay
73.9%
DeAndre Jordan
73.9%
Al Jefferson
73.9%
Ty Lawson
73.2%
JaVale McGee
73.2%
Jose Calderon
71%
% Correct
Ricky Rubio
71%
Andre Miller
71%
DeMarcus Cousins
68.8%
Jameer Nelson
68.8%
DeMarcus Cousins
68.8%
Paul Millsap
65.9%
Paul Millsap
65.9%
Brandon Jennings
64.5%
Brandon Jennings
64.5%
Brandon Jennings
64.5%
Marcin Gortat
60.9%
Marcus Camby
60.9%
Marcin Gortat
60.9%
Marcus Camby
60.9%
Greg Monroe
60.1%
Gerald Wallace
59.4%
Paul George
58.7%
Elton Brand
58.7%
Kris Humphries
56.5%
Jeff Teague
55.1%
Jrue Holiday
54.3%
Samuel Dalembert
54.3%
Raymond Felton
50%
Mario Chalmers
50%
Ramon Sessions
40.6%
Ersan Ilyasova
37.7%
Iman Shumpert
37%
Wesley Matthews
31.2%
Bismack Biyombo
27.5%
Greg Stiemsma
21.7%
Greivis Vasquez
18.1%
Ekpe Udoh
18.1%

You're not logged in!

Compare scores with friends on all Sporcle quizzes.
OR
Log In

You Might Also Like...

Show Comments

Extras

Top Quizzes Today


Score Distribution

Your Account Isn't Verified!

In order to create a playlist on Sporcle, you need to verify the email address you used during registration. Go to your Sporcle Settings to finish the process.

Report this User

Report this user for behavior that violates our Community Guidelines.

Details: